000 00464nam a2200157Ia 4500
005 20250122014620.0
008 240331s9999 xx 000 0 und d
020 _a9555800294
082 _bHoo
_a920
100 _aHoole , S.R
245 0 _aC.W.Thamotharampillai,Tamil revivalist :
_bThe man behind the legend
260 _acolombo
_bInternational Centre for Ethnic Studies
_c1997
300 _a80 p .,
500 _aThamotharampillai Tamil Revivalist
942 _cL
999 _c3445
_d3445